| 000 | 00694nam a22001577a 4500 | ||
|---|---|---|---|
| 003 | OSt | ||
| 005 | 20150915094139.0 | ||
| 008 | 150915b xxu||||| |||| 00| 0 eng d | ||
| 040 | _cRUA | ||
| 082 | _aAGR SIM 2002 B027 Or.1 | ||
| 100 |
_9482 _aSIM, BORAMY. |
||
| 245 | _ascreening rice varieties for resistastance to brown planthopper and host plant (ពិសោធន៍តាមដានរកពូជស្រូវធន់នឹងការបំផ្លាញរបស់សត្វស្អិតមមាចត្នោត និង រុក្ខជាំតិជំរករបស់វា) | ||
| 260 |
_aPhnom Penh _bRUA _c2002 |
||
| 300 |
_a81p. _bill. _c29cm. |
||
| 942 |
_2ddc _cAGR |
||
| 999 |
_c461 _d461 |
||